|
|
|
|
| LEADER |
00000nam2a2200000 4500 |
| 001 |
50333 |
| 005 |
20231101211234.0 |
| 035 |
|
|
|a (RuTPU)RU\TPU\book\52712
|
| 090 |
|
|
|a 50333
|
| 100 |
|
|
|a 20030414d1976 km y0rusy50 ca
|
| 101 |
0 |
|
|a rus
|
| 102 |
|
|
|a RU
|
| 105 |
|
|
|a a g 001zy
|
| 200 |
0 |
|
|a Т. 1
|f Под ред. С. А. Чернавского, В. Ф. Рещикова
|
| 210 |
|
|
|d 1976
|
| 215 |
|
|
|a 768 с.
|c черт.
|
| 320 |
|
|
|a Библиогр. в конце глав.
|
| 320 |
|
|
|a Предм. указ.: с. 750-768.
|
| 461 |
|
1 |
|0 (RuTPU)RU\TPU\book\52710
|t Справочник металлиста
|o В 5-ти т.
|f Под ред. А. Н. Малова
|v Т. 1
|e 3-е изд., перераб.
|d 1976-
|
| 606 |
1 |
|
|a Металлообработка в целом
|2 stltpush
|3 (RuTPU)RU\TPU\subj\42494
|9 62160
|
| 610 |
1 |
|
|a справочники
|
| 610 |
1 |
|
|a единицы измерения
|
| 610 |
1 |
|
|a механика
|
| 610 |
1 |
|
|a гидравлика
|
| 610 |
1 |
|
|a электротехника
|
| 610 |
1 |
|
|a электроника
|
| 610 |
1 |
|
|a сопротивление материалов
|
| 610 |
1 |
|
|a резьбы
|
| 610 |
1 |
|
|a валы
|
| 610 |
1 |
|
|a оси
|
| 610 |
1 |
|
|a подшипники
|
| 610 |
1 |
|
|a муфты
|
| 610 |
1 |
|
|a ременные передачи
|
| 610 |
1 |
|
|a цепные передачи
|
| 610 |
1 |
|
|a зубчатые передачи
|
| 610 |
1 |
|
|a червячные передачи
|
| 610 |
1 |
|
|a пружины
|
| 610 |
1 |
|
|a смазочные материалы
|
| 675 |
|
|
|a 621.7(035)
|v 3
|
| 702 |
|
1 |
|a Чернавский
|b С. А.
|g Сергей Александрович
|4 340
|
| 702 |
|
1 |
|a Рещиков
|b В. Ф.
|g Вячеслав Федорович
|4 340
|
| 801 |
|
1 |
|a RU
|b 63413507
|c 20030414
|g PSBO
|
| 801 |
|
2 |
|a RU
|b 63413507
|c 20220628
|g PSBO
|
| 942 |
|
|
|c BK
|